| 000 | 00545nam a22001817a 4500 | ||
|---|---|---|---|
| 003 | OSt | ||
| 005 | 20140616213003.0 | ||
| 008 | 131114b1997 usa spa | ||
| 020 | _a0-02-146711-0 | ||
| 040 | _cBMC | ||
| 082 | _a976.4 | ||
| 245 | 0 | 0 |
_aTexas _b: aventuras a través del tiempo _cJames A. Banks ... [et al.] |
| 260 |
_aNueva York _bMacmillan/McGraw-Hill _ccop. 1997 |
||
| 300 |
_aXIV, 407, [66] p. _bil. col., mapas. _c28 cm |
||
| 651 | 4 |
_99323 _aTexas (Estados Unidos) _xHistoria |
|
| 700 | 1 |
_99324 _aBanks, James A. |
|
| 942 |
_2ddc _cBK |
||
| 999 |
_c4125 _d4125 |
||